Γενική λογιστική

Αποθηκεύτηκε σε:
Λεπτομέρειες βιβλιογραφικής εγγραφής
Κύριος συγγραφέας: Καφούσης, Γεώργιος Ν.
Μορφή: Βιβλίο
Γλώσσα:Greek
Δημοσίευση: Πειραιάς : Σταμούλης, 1991
Θέματα:
Ετικέτες: Προσθήκη ετικέτας
Δεν υπάρχουν, Καταχωρήστε ετικέτα πρώτοι!

MARC

LEADER 00000nam a2200000 i 4500
001 1/48331
008 980126s1991 gre d
035 |l 10026653 
040 |a GR-MY-UA  |b gre  |e aacr 
041 0 |a gre 
082 0 |a 657 
100 1 |a Καφούσης, Γεώργιος Ν. 
245 1 0 |a Γενική λογιστική /  |c Γεωργίου Ν. Καφούση 
260 |a Πειραιάς :   |b Σταμούλης,   |c 1991 
300 |a 325 σ. 
650 0 0 |a Accounting. 
852 |a INST  |b CHIOS  |e 19980126  |h 657 ΚΑΦ  |p 005200010038  |q 005200010038  |t BK  |y 0 
901 |a BIBL-1998-1 
909 |a Χ  |b 052870 
922 |a 2ΕΛΗ  |b 199712  |c ΒΑΡΒΑΚΗΣ  |d EMVASIS